| 000 | 00821nam a2200301Ia 4500 | ||
|---|---|---|---|
| 008 | 160803s9999 xx 000 0 und d | ||
| 020 | _a9780545211192 | ||
| 100 | _aMayer, Mercer | ||
| 245 | _aSnowball soup / | ||
| 245 | _cby Mercer Mayer. | ||
| 260 | _aNew York : | ||
| 260 | _bScholastic Inc. | ||
| 260 | _c2008 | ||
| 300 | _a31 pages : | ||
| 300 | _bcolor illustrations ; | ||
| 300 | _c23 cm. | ||
| 440 | _aI can read book. | ||
| 500 | _a"This edition is available for distribution only through the school market"--Page 4 of cover. | ||
| 650 | _aBrothers and sisters -- | ||
| 650 | _aDogs -- | ||
| 650 | _aSnow -- | ||
| 650 | _aSoups -- | ||
| 650 | _xJuvenile fiction. | ||
| 650 | _xJuvenile fiction. | ||
| 650 | _xJuvenile fiction. | ||
| 650 | _xJuvenile fiction. | ||
| 700 | _a110 | ||
| 999 |
_c298987 _d298987 |
||